000 01364nam a2200265Ia 4500
003 OSt
005 20251218130959.0
008 191214s9999 xx 000 0 und d
040 _cNLS
100 _aSaloni Jain
245 0 _aGender and Migration -
245 0 _bStudy of Women Migrant Workers in the Urban Informal Sector
260 _aBangalore
260 _bNLSIU, Bangalore
260 _c2019
300 _a75p.
505 _aContents 1. Introduction; 1.1. Research Problem; 1.2. Research Questions; 1.3. Approach to Study; 1.4. Literature Survey; 1.5. Methodology; 2. Trends and Patterns of Women’s Migration: Macro Data Analysis; 2.1. Female Migrant Workers in Urban Area: A Brief Profile; 2.2. Nature and Quality of Women’s Employment; 2.3. Female Migrant Workers and Employment in urban areas: A supply side analysis; 3. Gender and Migration: A Primary Data Analysis; 3.1. Decision Making Process; 3.2. Needs, Aspirations and Challenges; 3.3. Access to Services; 4. Women Migrant Workers and the Policy Landscape; 5. Recommendations; Appendix.
650 _aGender theory on migration
650 _aLabour migration
650 _aPoverty & migration
650 _aWomen migrant workers
700 _aDr. Aparajita Bakshi – Guide
856 _uhttps://dans.nls.ac.in/handle/123456789/276
942 _cDIS
_2ddc
999 _c115793
_d115793